|
|
|
|
| LEADER |
00000nam2a2200000 4500 |
| 001 |
228346 |
| 005 |
20231101230853.0 |
| 035 |
|
|
|a (RuTPU)RU\TPU\book\248814
|
| 090 |
|
|
|a 228346
|
| 100 |
|
|
|a 20121219d1978 k y0rusy50 ca
|
| 101 |
0 |
|
|a rus
|
| 102 |
|
|
|a RU
|
| 105 |
|
|
|a a z 001zy
|
| 200 |
0 |
|
|a Т. 2 : Масс-спектрометрия в биоорганической химии (применение в анализе аминокислот, пептидов и белков)
|f Б. В. Розынов
|
| 210 |
|
|
|d 1978
|
| 215 |
|
|
|a 179 с.
|c ил.
|
| 320 |
|
|
|a Библиогр.: с. 169-177
|
| 461 |
|
1 |
|0 (RuTPU)RU\TPU\book\164648
|t Органическая химия
|f Академия наук СССР (АН СССР), Всесоюзный институт научной и технической информации (ВИНИТИ)
|v Т. 2 : Масс-спектрометрия в биоорганической химии (применение в анализе аминокислот, пептидов и белков)
|d 1975-
|s Органическая химия
|
| 606 |
1 |
|
|a Органическая химия
|2 stltpush
|3 (RuTPU)RU\TPU\subj\47309
|9 66362
|
| 610 |
1 |
|
|a биоорганическая химия
|
| 610 |
1 |
|
|a масс-спектрометрия
|
| 610 |
1 |
|
|a аминокислоты
|
| 610 |
1 |
|
|a пептиды
|
| 610 |
1 |
|
|a белки
|
| 610 |
1 |
|
|a фрагментация
|
| 610 |
1 |
|
|a газо-жидкостная хроматография
|
| 675 |
|
|
|a 547
|v 3
|
| 700 |
|
1 |
|a Розынов
|b Б. В.
|
| 801 |
|
1 |
|a RU
|b 63413507
|c 20121219
|
| 801 |
|
2 |
|a RU
|b 63413507
|c 20210421
|g RCR
|
| 942 |
|
|
|c BK
|